000 01013nam a2200229Ia 4500
999 _c54864
_d54864
001 21933
003 GE_BSU
005 20220822145240.0
008 181216s ||||ge |||||||||||||| ||geo||
040 _cGE_BSU
041 _ageo
080 _a821.353.1.09 გ-24
100 _aგაწერელია, ა. (აკაკი)
_914548
245 _aნარკვევები, პორტრეტები, ლექსთმცოდნეობა /
_cა. (აკაკი) გაწერელია ; რედ. ნ. ინაიშვილი.
264 _aთბილისი :
_bსაბჭ. საქართველო,
_c1988.
300 _a454 გვ. ;
_c20 სმ.
541 _h10ლ.
653 _aქართული ლიტერატურა
653 _aქართული ლიტერატურის ისტორია ლა კრიტიკა
700 _aინაიშვილი, ნ.
_eრედაქტორი
_914549
942 _cBK
_2udc